Kvalita vo verejnej správe alebo model CAF - nástroj na zefektívnenie verejnej správy

Model CAF 2002 (The common assessment framework ) - Spoločný systém hodnotenia kvality v organizáciách štátnej správy.Cieľ tohto systému - vytvorenie predpokladu na neustále zlepšovanie činností v organizáciách. Hlavné princípy modelu CAF. Aplikácia modelu CAF a jej prínos organizáciám.

Na minha lista:
Detalhes bibliográficos
Autor principal: Jurkovičová, Monika
Formato: Capítulo de Livro
Idioma:eslovaco
Assuntos:
Tags: Adicionar Tag
Sem tags, seja o primeiro a adicionar uma tag!

MARC

LEADER 00000naa$a2200000$$$4500
001 0024766
005 20230511074003.0
041 0 |a slo 
044 |a SK 
245 1 0 |a Kvalita vo verejnej správe alebo model CAF - nástroj na zefektívnenie verejnej správy  |c Monika Jurkovičová 
520 |a Model CAF 2002 (The common assessment framework ) - Spoločný systém hodnotenia kvality v organizáciách štátnej správy.Cieľ tohto systému - vytvorenie predpokladu na neustále zlepšovanie činností v organizáciách. Hlavné princípy modelu CAF. Aplikácia modelu CAF a jej prínos organizáciám. 
610 2 0 |a kvalita 
610 2 0 |a kvalita práce 
610 2 0 |a systém riadenia kvality 
610 2 0 |a správa verejná 
610 2 0 |a organizácie 
610 2 0 |a riadenie administratívne 
610 2 0 |a hodnotenie pracoviska 
610 2 0 |a model CAF 
100 1 |a Jurkovičová, Monika